Online
Catalog

La sabiduría eterna : (Record no. 25866)

MARC details
000 -CABECERA
campo de control de longitud fija 00502nam a2200157 a 4500
001 - NÚMERO DE CONTROL
campo de control 000026374
005 - FECHA Y HORA DE LA ÚLTIMA TRANSACCIÓN
campo de control 20200930024535.0
008 - DATOS DE LONGITUD FIJA--INFORMACIÓN GENERAL
campo de control de longitud fija 110315s20uu dr ac r 000 0 spa d
040 ## - FUENTE DE LA CATALOGACIÓN
Centro catalogador/agencia de origen DO-SdBNP
Lengua de catalogación spa
Centro/agencia transcriptor BNPHU
082 ## - NÚMERO DE LA CLASIFICACIÓN DECIMAL DEWEY
Número de clasificación xxxx
Número de documento/Ítem xxxx
100 1# - ENTRADA PRINCIPAL--NOMBRE DE PERSONA
Nombre de persona Cartagena, Elvis D.
Fechas asociadas al nombre 1965-
9 (RLIN) 11382
245 13 - MENCIÓN DE TÍTULO
Título La sabiduría eterna :
Resto del título biografías y frases célebres de todos los tiempos /
Mención de responsabilidad, etc. Elvis D. Cartagena.
260 ## - PUBLICACIÓN, DISTRIBUCIÓN, ETC.
Lugar de publicación, distribución, etc. [Santo Domingo] :,
Fecha de publicación, distribución, etc. [s.n.].
300 ## - DESCRIPCIÓN FÍSICA
Extensión 82 p. ;
Dimensiones 22 cm.
504 ## - NOTA DE BIBLIOGRAFÍA, ETC.
Nota de bibliografía, etc. Bibliografía : p. 82
Holdings
Estado de retiro Estado de pérdida No para préstamo Código de colección Localización permanente Ubicación/localización actual Ubicación en estantería Fecha de adquisición Número de inventario Total de préstamos Signatura topográfica completa Código de barras Fecha visto por última vez Precio válido a partir de Tipo de ítem Koha Número de copia
    Excluido de préstamo Patrimonio Dominicano General General En catalogación 15.03.2011 LF1   xxxx xxxx 26374-20 25.06.2020 25.06.2020 Libro y Folleto Colección Patrimonio Dominicano  
    Excluido de préstamo Patrimonio Dominicano Patrimonio Dominicano Patrimonio Dominicano En catalogación 15.03.2011 LF1   xxxx xxxx 26374-10 25.06.2020 25.06.2020 Libro y Folleto Colección Patrimonio Dominicano e. 2

Powered by Koha